Geography Quiz

Random Geography or State Quiz
Score 0/50 Timer 07:00
14 Plays Today
% Correct
California
99.3%
Texas
99%
Florida
96.8%
Washington
95.1%
Alaska
93.3%
New York
93.2%
Hawaii
91.2%
Nevada
89.3%
Michigan
85.3%
Idaho
84.6%
Maine
83.5%
Virginia
82.5%
South Carolina
81.8%
North Carolina
80.8%
Alabama
80.3%
New Mexico
79.8%
Utah
79.3%
Colorado
79.2%
New Jersey
78.9%
Tennessee
78.7%
Ohio
77.9%
Louisiana
77.1%
Illinois
75.8%
North Dakota
75.6%
South Dakota
74.4%
% Correct
West Virginia
74.3%
Georgia
74.1%
Mississippi
73%
Arizona
72.5%
Kentucky
71.7%
Oklahoma
71.7%
Oregon
71%
Montana
70.1%
New Hampshire
68.2%
Vermont
66.4%
Rhode Island
66.3%
Wyoming
65.6%
Indiana
64.8%
Maryland
64%
Kansas
63.9%
Wisconsin
62.9%
Arkansas
61.9%
Massachusetts
61.7%
Delaware
60.9%
Iowa
60.9%
Nebraska
58.6%
Minnesota
57.3%
Pennsylvania
57.1%
Missouri
53.2%
Connecticut
51.1%

You're not logged in!

Compare scores with friends on all Sporcle quizzes.
OR
Log In

Sporcle TV

Today on Sporcle TV


Watch our educational content, quiz creation guides, and fun videos on Sporcle TV.

Show Comments

Extras

Top Quizzes Today


Score Distribution

Paid Content

Your Account Isn't Verified!

In order to create a playlist on Sporcle, you need to verify the email address you used during registration. Go to your Sporcle Settings to finish the process.

Report this User

Report this user for behavior that violates our Community Guidelines.

Details: